La vita e l'arte di Van Gogh / (Record no. 96621)

MARC details
000 -LEADER
campo de control de longitud fija 00486nam a2200169 i 4500
001 - NÚMERO DE CONTROL
campo de control 96621
003 - IDENTIFICADOR DE NÚMERO DE CONTROL
campo de control ES-MaACL
005 - FECHA Y HORA DE LA ÚLTIMA TRANSACCIÓN
campo de control 20230906181940.0
007 - CAMPO FIJO DE DESCRIPCIÓN FÍSICA--INFORMACIÓN GENERAL
campo de control de longitud fija t|
008 - DATOS DE LONGITUD FIJA--INFORMACIÓN GENERAL
campo de control de longitud fija 050629s1972 it af |||| |bita d
100 1# - ENTRADA PRINCIPAL--NOMBRE DE PERSONA
Nombre de persona Mandel, Gabriele.
9 (RLIN) 75943
245 13 - MENCIÓN DEL TÍTULO
Título La vita e l'arte di Van Gogh /
Mención de responsabilidad, etc. Gabriele Mandel.
260 ## - PUBLICACIÓN, DISTRIBUCIÓN, ETC.
Lugar de publicación, distribución, etc. Milano :
Nombre del editor, distribuidor, etc. Arnoldo Mondadori,
Fecha de publicación, distribución, etc. 1972.
300 ## - DESCRIPCIÓN FÍSICA
Extensión 158 p., 5 h. con 32 lám. col. ;
Dimensiones 28 cm.
600 14 - PUNTO DE ACCESO ADICIONAL DE MATERIA--NOMBRE DE PERSONA
Nombre de persona Gogh, Vincent van.
9 (RLIN) 57595
852 ## - LOCALIZACIÓN
Ubicación ES-MaACL
Número de control de estantería C-50767
Holdings
Estatus retirado Estado de pérdida Estado de daño No para préstamo Biblioteca de origen Biblioteca actual Ubicación en estantería Fecha de adquisición Fuente de adquisición Total de préstamos Signatura topográfica completa Código de barras Visto por última vez Precio de reemplazo Tipo de ítem Koha
        Biblioteca del Ateneo de Madrid Biblioteca del Ateneo de Madrid Depósito 2 17/01/2008     C-50767 1100873 23/02/2023 23/02/2023 Libro impreso